[Event "Gausdal Bygger'n Masters"]
[Site "Gausdal NOR"]
[Date "2005.10.05"]
[Round "5.23"]
[White "Breivik, Lars"]
[Black "Urkedal, Frode Olav Olsen"]
[Result "1/2-1/2"]
[WhiteElo "2236"]
[BlackElo "2141"]
[PlyCount "61"]
[EventDate "2005.10.01"]
[EventType "swiss"]
[EventRounds "9"]
[EventCountry "NOR"]
[Source "lmi"]
[SourceDate "2005.10.05"]

1. d4 Nf6 2. Nf3 e6 3. e3 b6 4. Bd3 Ba6 5. c4 Bb4+ 6. Bd2 Qe7 7. Ne5 Bb7 8. O-O
O-O 9. Nc3 d6 10. Nf3 Bxc3 11. Bxc3 Ne4 12. Be1 f5 13. Qe2 Nd7 14. Nd2 Nxd2 15.
Qxd2 Nf6 16. f3 Qf7 17. Rc1 c5 18. b4 Rad8 19. Qb2 Qh5 20. Bc3 cxd4 21. exd4
Ne8 22. Qe2 Rf6 23. Bd2 g5 24. g4 Qh4 25. Qe1 Qxe1 26. Rcxe1 f4 27. Rf2 Nc7 28.
a4 a6 29. Bc3 b5 30. axb5 axb5 31. c5 1/2-1/2

[Event "Gausdal Bygger'n Masters"]
[Site "Gausdal NOR"]
[Date "2005.10.05"]
[Round "5.24"]
[White "Hansen, Torbjorn Ringdal"]
[Black "Strand, Haakon"]
[Result "1-0"]
[WhiteElo "2323"]
[BlackElo "1986"]
[PlyCount "69"]
[EventDate "2005.10.01"]
[EventType "swiss"]
[EventRounds "9"]
[EventCountry "NOR"]
[Source "lmi"]
[SourceDate "2005.10.05"]

1. Nf3 f5 2. g3 Nf6 3. Bg2 g6 4. O-O Bg7 5. c4 O-O 6. Nc3 d6 7. d4 Qe8 8. Nd5
Na6 9. Nxf6+ Rxf6 10. e4 fxe4 11. Ng5 Rf8 12. Be3 Rb8 13. Nxe4 b6 14. Rb1 c5
15. a3 Be6 16. d5 Bf5 17. g4 Bd7 18. b4 Qc8 19. b5 Nc7 20. h3 a5 21. Qe2 Ne8
22. Bg5 Nf6 23. Rbe1 Re8 24. Qd3 Nxe4 25. Bxe4 e5 26. dxe6 Bxe6 27. Bc6 Be5 28.
Bxe8 Qxe8 29. Bf6 Qf7 30. Bxe5 dxe5 31. Re4 Rb7 32. Qd8+ Kg7 33. Qd6 Bxc4 34.
Qxe5+ Kg8 35. Rd1 1-0

[Event "Gausdal Bygger'n Masters"]
[Site "Gausdal NOR"]
[Date "2005.10.05"]
[Round "5.25"]
[White "Thomassen, Thomas"]
[Black "Hobber, Anders"]
[Result "1-0"]
[WhiteElo "2077"]
[BlackElo "1915"]
[PlyCount "73"]
[EventDate "2005.10.01"]
[EventType "swiss"]
[EventRounds "9"]
[EventCountry "NOR"]
[Source "lmi"]
[SourceDate "2005.10.05"]

1. d4 d5 2. c4 c6 3. Nc3 Nf6 4. Nf3 e6 5. Bg5 Be7 6. e3 Nbd7 7. Bd3 O-O 8. O-O
dxc4 9. Bxc4 Nd5 10. Bxe7 Qxe7 11. e4 Nxc3 12. bxc3 e5 13. Re1 exd4 14. cxd4 c5
15. e5 Nb6 16. Qb3 cxd4 17. Nxd4 Qc5 18. Bxf7+ Rxf7 19. e6 Re7 20. Rad1 Qc4 21.
Nf5 Re8 22. Qg3 g6 23. Nh6+ Kg7 24. Nf5+ Kg8 25. Nh6+ Kg7 26. Nf5+ Kg8 27. Nd6
Qc6 28. Nxe8 Qxe8 29. Qe5 a5 30. Rd4 Qe7 31. Rf4 Nc4 32. Rxc4 b5 33. Rc7 Qf8
34. Rf7 Qh6 35. e7 Bd7 36. Qd5 Be8 37. Rf8+ 1-0

[Event "Gausdal Bygger'n Masters"]
[Site "Gausdal NOR"]
[Date "2005.10.05"]
[Round "5.26"]
[White "Thomassen, Joachim"]
[Black "White, Kevin"]
[Result "1/2-1/2"]
[WhiteElo "1963"]
[BlackElo "2069"]
[PlyCount "107"]
[EventDate "2005.10.01"]
[EventType "swiss"]
[EventRounds "9"]
[EventCountry "NOR"]
[Source "lmi"]
[SourceDate "2005.10.05"]

1. Nf3 Nf6 2. c4 g6 3. d4 Bg7 4. Nc3 d5 5. Qb3 dxc4 6. Qxc4 O-O 7. e4 Nc6 8. d5
Na5 9. Qd3 c6 10. Be3 cxd5 11. exd5 Bf5 12. Qd2 Ne4 13. Nxe4 Bxe4 14. Rd1 Rc8
15. Bd4 Bxf3 16. Bxg7 Bxd1 17. Bxf8 Kxf8 18. Qxd1 Qb6 19. Qd2 Nc4 20. Bxc4 Rxc4
21. O-O Qd4 22. Qa5 Qc5 23. Qd8+ Kg7 24. Qb8 b5 25. g3 Rd4 26. Re1 Rxd5 27. Re2
Qc4 28. Re1 Qc5 29. b3 a5 30. Re2 h6 31. Qf4 Rf5 32. Qe4 e6 33. Qb1 Qd4 34. Qe1
b4 35. Re4 Qb2 36. Re2 Qf6 37. Kg2 Rh5 38. Re4 Rf5 39. Re2 Qd4 40. Rd2 Qc3 41.
Qd1 Qc6+ 42. Kg1 Rc5 43. Qe2 Rc1+ 44. Rd1 Rxd1+ 45. Qxd1 Qd5 46. Qc2 Qd4 47.
Qe2 Qc5 48. Kg2 e5 49. Qe4 Kf6 50. Qh4+ Ke6 51. Qh3+ Ke7 52. Qxh6 Qc6+ 53. Kg1
Qc2 54. Qe3 1/2-1/2

[Event "Gausdal Bygger'n Masters"]
[Site "Gausdal NOR"]
[Date "2005.10.06"]
[Round "6.1"]
[White "Strand, Haakon"]
[Black "Svensen, Tarjei J"]
[Result "0-1"]
[WhiteElo "1986"]
[BlackElo "2112"]
[PlyCount "36"]
[EventDate "2005.10.01"]
[EventType "swiss"]
[EventRounds "9"]
[EventCountry "NOR"]
[Source "lmi"]
[SourceDate "2005.10.05"]

1. e4 e6 2. d4 d5 3. e5 c5 4. c3 Nc6 5. Nf3 Qb6 6. a3 Nh6 7. Bxh6 Qxb2 8. Nbd2
gxh6 9. Rb1 Qxc3 10. Rb3 Qa5 11. Bb5 c4 12. Bxc6+ bxc6 13. Re3 Bxa3 14. O-O Rb8
15. Nh4 Be7 16. Rh3 Rb2 17. Nb1 Qb4 18. f4 Rg8 0-1

[Event "Gausdal Bygger'n Masters"]
[Site "Gausdal NOR"]
[Date "2005.10.06"]
[Round "6.2"]
[White "Fossum, Oystein Boyum"]
[Black "Agdestein, Emil"]
[Result "1/2-1/2"]
[WhiteElo "2247"]
[BlackElo "2057"]
[PlyCount "32"]
[EventDate "2005.10.01"]
[EventType "swiss"]
[EventRounds "9"]
[EventCountry "NOR"]
[Source "lmi"]
[SourceDate "2005.10.05"]

1. Nf3 d6 2. c4 Nc6 3. d4 e5 4. d5 Nce7 5. e4 g6 6. Be2 Bg7 7. Nc3 f5 8. exf5
Nxf5 9. O-O Nf6 10. Ng5 O-O 11. Nge4 b6 12. Nxf6+ Bxf6 13. Ne4 Bg7 14. Bg5 Qe8
15. Bd2 a5 16. b3 Nd4 1/2-1/2

[Event "Gausdal Bygger'n Masters"]
[Site "Gausdal NOR"]
[Date "2005.10.06"]
[Round "6.3"]
[White "Pettersen, Joar Gullestad"]
[Black "Hobber, Anders"]
[Result "1/2-1/2"]
[WhiteElo "2050"]
[BlackElo "1915"]
[PlyCount "23"]
[EventDate "2005.10.01"]
[EventType "swiss"]
[EventRounds "9"]
[EventCountry "NOR"]
[Source "lmi"]
[SourceDate "2005.10.05"]

1. e4 e5 2. Nf3 Nf6 3. Bc4 Nxe4 4. Nc3 Nxc3 5. dxc3 Be7 6. Nxe5 O-O 7. Qh5 d5
8. Bd3 g6 9. Nxg6 fxg6 10. Bxg6 hxg6 11. Qxg6+ Kh8 12. Qh6+ 1/2-1/2

[Event "Gausdal Bygger'n Masters"]
[Site "Gausdal NOR"]
[Date "2005.10.06"]
[Round "6.5"]
[White "Ferkingstad, Sjur"]
[Black "Haugstad, Espen"]
[Result "1-0"]
[WhiteElo "2239"]
[BlackElo "1607"]
[PlyCount "31"]
[EventDate "2005.10.01"]
[EventType "swiss"]
[EventRounds "9"]
[EventCountry "NOR"]
[Source "lmi"]
[SourceDate "2005.10.05"]

1. e4 c5 2. c3 Nf6 3. e5 Nd5 4. d4 cxd4 5. Nf3 Nc6 6. cxd4 e6 7. Nc3 Nxc3 8.
bxc3 Qa5 9. Bd2 d6 10. exd6 Bxd6 11. Bd3 h6 12. O-O O-O 13. Re1 Re8 14. Qe2 Qh5
15. Rab1 Rb8 16. Rb5 1-0

[Event "Gausdal Bygger'n Masters"]
[Site "Gausdal NOR"]
[Date "2005.10.06"]
[Round "6.6"]
[White "Johansson, Per"]
[Black "Sjol, Henrik"]
[Result "1/2-1/2"]
[WhiteElo "2005"]
[BlackElo "1656"]
[PlyCount "39"]
[EventDate "2005.10.01"]
[EventType "swiss"]
[EventRounds "9"]
[EventCountry "NOR"]
[Source "lmi"]
[SourceDate "2005.10.05"]

1. d4 Nf6 2. Nf3 e6 3. c4 b6 4. g3 Bb7 5. Bg2 Be7 6. Nc3 Ne4 7. Qc2 f5 8. d5
Nxc3 9. Qxc3 Bf6 10. Qd3 Na6 11. O-O O-O 12. Rb1 Nc5 13. Qd1 Qe8 14. Nd4 Ne4
15. Nb5 Qb8 16. f3 Nd6 17. Nxd6 cxd6 18. e4 fxe4 19. fxe4 Qc7 20. b3 1/2-1/2

[Event "Gausdal Bygger'n Masters"]
[Site "Gausdal NOR"]
[Date "2005.10.06"]
[Round "6.7"]
[White "Jacobsen, Maria Pitz"]
[Black "Lie, Terje"]
[Result "0-1"]
[WhiteElo "1336"]
[BlackElo "1178"]
[PlyCount "44"]
[EventDate "2005.10.01"]
[EventType "swiss"]
[EventRounds "9"]
[EventCountry "NOR"]
[Source "lmi"]
[SourceDate "2005.10.05"]

1. e4 d6 2. d4 Nf6 3. Nc3 g6 4. Be3 c6 5. Nf3 b5 6. a3 Na6 7. d5 Bd7 8. dxc6
Bxc6 9. e5 Nd7 10. exd6 exd6 11. Nxb5 Bxb5 12. Bxb5 Qa5+ 13. b4 Qxb5 14. Qd4
Ne5 15. Bf4 f6 16. Qe4 Rc8 17. Nd4 Qc4 18. Bd2 Bg7 19. f4 f5 20. Qe3 O-O 21. c3
Rfe8 22. Kd1 Nc6 0-1

[Event "Gausdal Bygger'n Masters"]
[Site "Gausdal NOR"]
[Date "2005.10.06"]
[Round "6.8"]
[White "Getz, Nicolai"]
[Black "Aandal, Kristian"]
[Result "1/2-1/2"]
[WhiteElo "1913"]
[BlackElo "1941"]
[PlyCount "59"]
[EventDate "2005.10.01"]
[EventType "swiss"]
[EventRounds "9"]
[EventCountry "NOR"]
[Source "lmi"]
[SourceDate "2005.10.05"]

1. e4 c5 2. Nf3 e6 3. d4 cxd4 4. Nxd4 a6 5. c4 Nf6 6. f3 Qc7 7. Nc3 Bc5 8. Be3
d6 9. Qd2 O-O 10. Be2 Nc6 11. Nc2 Bxe3 12. Nxe3 b6 13. O-O Bb7 14. f4 Ne7 15.
Bf3 Ng6 16. g3 Rac8 17. Rac1 Rfd8 18. Kh1 Bc6 19. Qg2 Qb7 20. a4 Qd7 21. b3 b5
22. axb5 axb5 23. Rfd1 Qe8 24. h4 bxc4 25. Nxc4 Qe7 26. Rd2 d5 27. exd5 exd5
28. Nxd5 Nxd5 29. Bxd5 Bxd5 30. Rxd5 1/2-1/2

[Event "Gausdal Bygger'n Masters"]
[Site "Gausdal NOR"]
[Date "2005.10.06"]
[Round "6.9"]
[White "Gilbert, Jessie"]
[Black "Thomassen, Joachim"]
[Result "0-1"]
[WhiteElo "2148"]
[BlackElo "1963"]
[PlyCount "62"]
[EventDate "2005.10.01"]
[EventType "swiss"]
[EventRounds "9"]
[EventCountry "NOR"]
[Source "lmi"]
[SourceDate "2005.10.05"]

1. d4 Nf6 2. c4 e6 3. Nc3 Bb4 4. Qc2 O-O 5. a3 Bxc3+ 6. Qxc3 b6 7. Bg5 Bb7 8.
Nh3 d6 9. f3 Nbd7 10. e4 h6 11. Bh4 c5 12. dxc5 bxc5 13. Bg3 Qb6 14. Rd1 e5 15.
b4 Qc7 16. Qd2 Ne8 17. b5 Nb6 18. Qc2 a6 19. a4 axb5 20. axb5 Qe7 21. Bd3 Nc7
22. f4 Ne6 23. O-O Nd4 24. Qf2 f6 25. f5 Qf7 26. Rc1 Ra4 27. Ra1 Rfa8 28. Qb2
Nxc4 29. Qc3 Nb6 30. Rxa4 Rxa4 31. Bc2 Ne2+ 0-1

[Event "Gausdal Bygger'n Masters"]
[Site "Gausdal NOR"]
[Date "2005.10.06"]
[Round "6.10"]
[White "Bryn, Askild"]
[Black "Nilsen, Jarle"]
[Result "1/2-1/2"]
[WhiteElo "2019"]
[BlackElo "1632"]
[PlyCount "70"]
[EventDate "2005.10.01"]
[EventType "swiss"]
[EventRounds "9"]
[EventCountry "NOR"]
[Source "lmi"]
[SourceDate "2005.10.05"]

1. c4 Nf6 2. g3 g6 3. Bg2 Bg7 4. Nc3 c6 5. e4 d6 6. Nge2 O-O 7. O-O Be6 8. d3
Qc8 9. f4 Bh3 10. f5 Bxg2 11. Kxg2 Nbd7 12. h3 d5 13. cxd5 cxd5 14. Bf4 dxe4
15. dxe4 Rd8 16. Qc2 Nc5 17. e5 Nh5 18. e6 Nd3 19. exf7+ Kf8 20. fxg6 Qc6+ 21.
Kh2 Qxg6 22. Bc7 Rd7 23. Rad1 Rc8 24. Rf3 Ne5 25. Qxg6 Nxf3+ 26. Kg2 hxg6 27.
Rxd7 Ne1+ 28. Kf1 Nf6 29. Rd8+ Rxd8 30. Bxd8 Nd3 31. b3 Kxf7 32. Bc7 Nb4 33.
Kg2 Nfd5 34. Nxd5 Nxd5 35. Ba5 Ke6 1/2-1/2

[Event "Gausdal Bygger'n Masters"]
[Site "Gausdal NOR"]
[Date "2005.10.06"]
[Round "6.11"]
[White "Astrup, Hakon"]
[Black "Thomassen, Thomas"]
[Result "0-1"]
[WhiteElo "1943"]
[BlackElo "2077"]
[PlyCount "72"]
[EventDate "2005.10.01"]
[EventType "swiss"]
[EventRounds "9"]
[EventCountry "NOR"]
[Source "lmi"]
[SourceDate "2005.10.05"]

1. d4 d5 2. c4 e6 3. Nc3 c6 4. Nf3 Nf6 5. Bg5 h6 6. Bxf6 Qxf6 7. e3 Nd7 8. Rc1
g6 9. Bd3 Bg7 10. O-O O-O 11. Qe2 dxc4 12. Bxc4 e5 13. dxe5 Nxe5 14. Nxe5 Qxe5
15. Rfd1 Re8 16. Rd2 Be6 17. Rcd1 Re7 18. Bxe6 Qxe6 19. Rd6 Qf5 20. Qd3 Qa5 21.
Qc4 Kh7 22. b4 Qc7 23. h3 a5 24. a3 axb4 25. axb4 Ra1 26. Rxa1 Qxd6 27. Rd1 Qe5
28. Ne2 h5 29. Nd4 Rd7 30. Ra1 Qe4 31. Ra7 Be5 32. Kf1 Qb1+ 33. Ke2 Bxd4 34.
exd4 Re7+ 35. Kf3 Qe4+ 36. Kg3 h4+ 0-1

[Event "Gausdal Bygger'n Masters"]
[Site "Gausdal NOR"]
[Date "2005.10.06"]
[Round "6.12"]
[White "Harstad, Christian"]
[Black "Nordstrom, Felix"]
[Result "0-1"]
[WhiteElo "2078"]
[BlackElo "2184"]
[PlyCount "78"]
[EventDate "2005.10.01"]
[EventType "swiss"]
[EventRounds "9"]
[EventCountry "NOR"]
[Source "lmi"]
[SourceDate "2005.10.05"]

1. d4 Nf6 2. c4 e6 3. Nf3 d5 4. Nc3 Be7 5. Bg5 O-O 6. e3 Nbd7 7. Rc1 c6 8. Bd3
dxc4 9. Bxc4 Nd5 10. Bxe7 Qxe7 11. O-O Nxc3 12. Rxc3 e5 13. Nxe5 Nxe5 14. dxe5
Qxe5 15. f4 Qe4 16. Bb3 Bf5 17. Qh5 g6 18. Qh6 Rfd8 19. Bc2 Qd5 20. Bb3 Qd7 21.
Kh1 Qd2 22. Bxf7+ Kxf7 23. Qxh7+ Kf6 24. Qxb7 Be4 25. Rxc6+ Bxc6 26. Qxc6+ Kg7
27. Qb7+ Kh6 28. Qe7 Qd6 29. Qg5+ Kg7 30. h3 Rac8 31. h4 Qf6 32. Qa5 Qxh4+ 33.
Kg1 Qe7 34. Rf3 Rc1+ 35. Kf2 Rc2+ 36. Kg3 Rdd2 37. f5 Rxg2+ 38. Kf4 Qc7+ 39.
Ke4 Qxa5 0-1

[Event "Gausdal Bygger'n Masters"]
[Site "Gausdal NOR"]
[Date "2005.10.06"]
[Round "6.13"]
[White "Hammer, Jon Ludvig"]
[Black "Reppen, Sigmund"]
[Result "1-0"]
[WhiteElo "2278"]
[BlackElo "1916"]
[PlyCount "85"]
[EventDate "2005.10.01"]
[EventType "swiss"]
[EventRounds "9"]
[EventCountry "NOR"]
[Source "lmi"]
[SourceDate "2005.10.05"]

1. e4 e5 2. Nf3 Nc6 3. Bc4 Nf6 4. d4 exd4 5. Ng5 Ne5 6. Bb3 h6 7. f4 hxg5 8.
fxe5 Nxe4 9. Qxd4 Nc5 10. Nc3 Nxb3 11. axb3 b6 12. Qe4 c6 13. Nb5 Bb7 14. Nd6+
Bxd6 15. exd6+ Kf8 16. O-O Kg8 17. Qc4 Qe8 18. Bxg5 Qe6 19. Rae1 Qxc4 20. bxc4
f6 21. Re7 Rd8 22. Bd2 c5 23. Rf4 Bc6 24. Bc3 Rh7 25. h4 Rf8 26. g3 Rf7 27. Re1
Rh6 28. Rf5 Rg6 29. Kf2 Rg4 30. Rf4 Rxf4+ 31. gxf4 a5 32. Kg3 f5 33. Be5 Be4
34. h5 Kh7 35. Kh4 Kh6 36. Rg1 Bxc2 37. Rg6+ Kh7 38. Kg5 Bd3 39. h6 Bxc4 40.
hxg7 Kg8 41. Kh6 a4 42. Rg2 Bb3 43. Kg6 1-0

[Event "Gausdal Bygger'n Masters"]
[Site "Gausdal NOR"]
[Date "2005.10.06"]
[Round "6.14"]
[White "Carlsen, Ellen Oen"]
[Black "Bjorgvik, Jan Arne"]
[Result "1/2-1/2"]
[WhiteElo "1866"]
[BlackElo "2119"]
[PlyCount "69"]
[EventDate "2005.10.01"]
[EventType "swiss"]
[EventRounds "9"]
[EventCountry "NOR"]
[Source "lmi"]
[SourceDate "2005.10.05"]

1. e4 c5 2. Nf3 d6 3. d4 cxd4 4. Nxd4 Nc6 5. c4 Nf6 6. Nc3 e6 7. Be2 Be7 8. O-O
O-O 9. Be3 Nxd4 10. Bxd4 e5 11. Be3 b6 12. Qd2 Bb7 13. f3 Qc7 14. Rfd1 Rfd8 15.
Rac1 Bc6 16. Rc2 Qb7 17. Qc1 Rac8 18. Rcd2 Rc7 19. b3 Rdc8 20. Bg5 Ne8 21. Bxe7
Rxe7 22. Nd5 Bxd5 23. Rxd5 Rec7 24. f4 Re7 25. f5 Qc7 26. Kh1 Nf6 27. R5d3 Nxe4
28. Qe3 Nc5 29. Rxd6 Nb7 30. R6d5 f6 31. Bf3 Rd8 32. Rxd8+ Nxd8 33. Qd3 Nb7 34.
Qd5+ Kf8 35. Kg1 1/2-1/2

[Event "Gausdal Bygger'n Masters"]
[Site "Gausdal NOR"]
[Date "2005.10.06"]
[Round "6.15"]
[White "Vea, Odin Blikra"]
[Black "Breivik, Lars"]
[Result "0-1"]
[WhiteElo "2090"]
[BlackElo "2236"]
[PlyCount "110"]
[EventDate "2005.10.01"]
[EventType "swiss"]
[EventRounds "9"]
[EventCountry "NOR"]
[Source "lmi"]
[SourceDate "2005.10.05"]

1. d4 Nf6 2. c4 e6 3. Nc3 d5 4. Nf3 c6 5. Bg5 h6 6. Bh4 dxc4 7. a4 Bb4 8. e3 b5
9. Qc2 Nbd7 10. Nd2 Qa5 11. Ra2 Qb6 12. Be2 Bb7 13. Bf3 O-O 14. O-O a6 15. b3
Bxc3 16. Qxc3 Nd5 17. Bxd5 cxd5 18. a5 Qd6 19. Bg3 Qe7 20. b4 Rac8 21. Rc2 Rfe8
22. f4 Nb8 23. Nb1 Nc6 24. Rb2 Ra8 25. Nd2 Bc8 26. Nf3 f6 27. Bh4 Qf7 28. Bg3
Qh5 29. h3 Bd7 30. Bh4 Qg6 31. g4 Rf8 32. Rg2 Rac8 33. g5 fxg5 34. fxg5 h5 35.
Rgf2 e5 36. Nxe5 Nxe5 37. Rxf8+ Rxf8 38. Rxf8+ Kxf8 39. dxe5 Bxh3 40. e4 Be6
41. Qf3+ Qf7 42. Qe3 dxe4 43. Qxe4 Bd5 44. Qe3 Qf3 45. Qxf3+ Bxf3 46. Be1 Kf7
47. Kf2 Bg4 48. Ke3 Ke6 49. Ke4 g6 50. Kd4 Bf3 51. Kc5 Kxe5 52. Kb6 Kd4 53.
Kxa6 c3 54. Kxb5 c2 55. Bd2 h4 0-1

[Event "Gausdal Bygger'n Masters"]
[Site "Gausdal NOR"]
[Date "2005.10.06"]
[Round "6.16"]
[White "Svendsen, Bertil"]
[Black "Myhrvold, Rune"]
[Result "0-1"]
[WhiteElo "2205"]
[BlackElo "2164"]
[PlyCount "88"]
[EventDate "2005.10.01"]
[EventType "swiss"]
[EventRounds "9"]
[EventCountry "NOR"]
[Source "lmi"]
[SourceDate "2005.10.05"]

1. c4 e5 2. g3 f5 3. Bg2 Nf6 4. Nc3 Be7 5. d3 c6 6. e4 d6 7. Nge2 O-O 8. O-O
Qe8 9. b3 Qh5 10. f3 Na6 11. exf5 Qxf5 12. d4 Qh5 13. Ba3 Rd8 14. Qd2 Nc7 15.
Rad1 Be6 16. Qe3 Re8 17. Rfe1 Bf7 18. g4 Qh4 19. Ng3 Bg6 20. Qf2 Nd7 21. d5
cxd5 22. Nxd5 Nxd5 23. Rxd5 Nf6 24. Rdd1 e4 25. Nh1 Qg5 26. h3 Qa5 27. Bc1 Rad8
28. f4 d5 29. Be3 dxc4 30. bxc4 Bb4 31. Rf1 Bf7 32. Rxd8 Qxd8 33. Rc1 b6 34. g5
Nd7 35. Rd1 Qc7 36. Ng3 Nc5 37. Kh2 Nd3 38. Qf1 Bxc4 39. Nxe4 Nb2 40. Rc1 Bxf1
41. Rxc7 Bxg2 42. Kxg2 Rxe4 43. Kf3 Re7 44. Rc8+ Kf7 0-1

[Event "Gausdal Bygger'n Masters"]
[Site "Gausdal NOR"]
[Date "2005.10.06"]
[Round "6.17"]
[White "Urkedal, Frode Olav Olsen"]
[Black "Silseth, Simon"]
[Result "1/2-1/2"]
[WhiteElo "2141"]
[BlackElo "2328"]
[PlyCount "95"]
[EventDate "2005.10.01"]
[EventType "swiss"]
[EventRounds "9"]
[EventCountry "NOR"]
[Source "lmi"]
[SourceDate "2005.10.05"]

1. Nf3 f5 2. d3 Nc6 3. e4 e5 4. Nc3 Nf6 5. Bg5 Bb4 6. Be2 h6 7. Bxf6 Bxc3+ 8.
bxc3 Qxf6 9. O-O O-O 10. Nd2 d6 11. Rb1 f4 12. Bg4 b6 13. Bxc8 Raxc8 14. Qg4
Rcd8 15. h4 Kh7 16. Nf3 g6 17. Rbd1 Rfe8 18. Rfe1 Qf7 19. d4 Qd7 20. Qxd7+ Rxd7
21. Nh2 Rde7 22. Ng4 Kg7 23. f3 a5 24. a4 Rb8 25. Rd2 h5 26. Nf2 b5 27. dxe5
Nxe5 28. Rd5 bxa4 29. Rxa5 Rb2 30. Nd3 Nxd3 31. cxd3 Rd2 32. d4 Rc2 33. Rxa4
Rxc3 34. Kf2 c5 35. dxc5 dxc5 36. Re2 c4 37. Raa2 Rc7 38. Rec2 Rxc2+ 39. Rxc2
Kf6 40. Ke2 Ke5 41. Rd2 Ra7 42. Rd5+ Ke6 43. Rd2 Ra3 44. Rc2 Re3+ 45. Kd2 Rd3+
46. Ke2 Re3+ 47. Kd2 Rd3+ 48. Ke2 1/2-1/2

[Event "Gausdal Bygger'n Masters"]
[Site "Gausdal NOR"]
[Date "2005.10.06"]
[Round "6.18"]
[White "Burmakin, Vladimir"]
[Black "Hole, Oystein"]
[Result "1-0"]
[WhiteElo "2508"]
[BlackElo "2336"]
[PlyCount "83"]
[EventDate "2005.10.01"]
[EventType "swiss"]
[EventRounds "9"]
[EventCountry "NOR"]
[Source "lmi"]
[SourceDate "2005.10.05"]

1. d4 d5 2. c4 c6 3. Nf3 Nf6 4. Qb3 dxc4 5. Qxc4 Bf5 6. g3 e6 7. Bg2 Be7 8. O-O
O-O 9. Nc3 Ne4 10. Re1 Nd7 11. Qb3 Qb6 12. Nh4 Bxh4 13. gxh4 Ndf6 14. f3 Nxc3
15. bxc3 e5 16. e4 Be6 17. Qb2 Rfd8 18. Rd1 Rd7 19. Qf2 Rad8 20. Be3 Qa5 21.
Rdc1 Bc4 22. Qg3 Re7 23. Kh1 Kh8 24. Bh3 Rg8 25. h5 h6 26. Qh4 exd4 27. cxd4
Be2 28. Qf2 Qxh5 29. Bg2 Ba6 30. Rc5 Qg6 31. Rg1 Nh7 32. Bf1 Qe6 33. Bxa6 bxa6
34. Rgc1 Nf6 35. Qh4 Rc8 36. Bxh6 gxh6 37. Re5 Ng8 38. Rxe6 Rxe6 39. d5 Rg6 40.
e5 Rb8 41. d6 Re6 42. f4 1-0

[Event "Gausdal Bygger'n Masters"]
[Site "Gausdal NOR"]
[Date "2005.10.06"]
[Round "6.19"]
[White "Hauchard, Arnaud"]
[Black "Bentsen, Oyvind"]
[Result "1-0"]
[WhiteElo "2483"]
[BlackElo "2146"]
[PlyCount "99"]
[EventDate "2005.10.01"]
[EventType "swiss"]
[EventRounds "9"]
[EventCountry "NOR"]
[Source "lmi"]
[SourceDate "2005.10.05"]

1. d4 Nf6 2. c4 g6 3. Nc3 Bg7 4. e4 d6 5. Bg5 O-O 6. Qd2 c5 7. d5 e6 8. Bd3
exd5 9. exd5 Nbd7 10. f4 Re8+ 11. Nge2 Nb6 12. O-O h6 13. Bh4 Qe7 14. Kh1 Bg4
15. Ng1 Qd7 16. Bxf6 Bxf6 17. f5 Bg5 18. Qc2 Bxf5 19. Bxf5 gxf5 20. b3 f4 21.
Nh3 Qg4 22. Ne4 Qf5 23. Rae1 Re5 24. Re2 Rd8 25. Ng1 Qg6 26. Nf3 Rf5 27. Rfe1
Nc8 28. Nexg5 hxg5 29. Re8+ Rxe8 30. Rxe8+ Kg7 31. Rxc8 g4 32. Qb2+ Rf6 33. Ng1
f3 34. gxf3 gxf3 35. Qf2 Qe4 36. h3 Rg6 37. Nxf3 Qf5 38. Re8 Qxh3+ 39. Nh2 Qh5
40. Re1 b5 41. Qf3 Qh4 42. Rf1 Rf6 43. Qxf6+ Qxf6 44. Rxf6 Kxf6 45. cxb5 Ke5
46. a4 Kxd5 47. a5 c4 48. bxc4+ Kc5 49. Nf3 d5 50. b6 1-0

[Event "Gausdal Bygger'n Masters"]
[Site "Gausdal NOR"]
[Date "2005.10.06"]
[Round "6.20"]
[White "Westerinen, Heikki M.J"]
[Black "Dobrov, Vladimir"]
[Result "0-1"]
[WhiteElo "2410"]
[BlackElo "2515"]
[PlyCount "76"]
[EventDate "2005.10.01"]
[EventType "swiss"]
[EventRounds "9"]
[EventCountry "NOR"]
[Source "lmi"]
[SourceDate "2005.10.05"]

1. e4 c5 2. Nf3 Nc6 3. Bb5 d6 4. O-O Bd7 5. Re1 Nf6 6. c3 a6 7. Bxc6 Bxc6 8. d4
Bxe4 9. Bg5 Bd5 10. Nbd2 cxd4 11. Nxd4 Qd7 12. Bxf6 gxf6 13. Qh5 e5 14. Ne4
Bxe4 15. Rxe4 O-O-O 16. Nf5 d5 17. Rg4 Bc5 18. b4 Bb6 19. Rg7 Rhf8 20. Rxh7 Kb8
21. Rh6 Rc8 22. Rxf6 Rc6 23. Qh6 Rfc8 24. Rxc6 Rxc6 25. Qh8+ Ka7 26. Qxe5 f6
27. Qf4 Rxc3 28. Ne3 Qe6 29. Re1 d4 30. Nc2 Qc4 31. Na1 Qxa2 32. g3 Rc8 33. Qf5
d3 34. Rf1 d2 35. Qd3 Rc1 36. Nb3 d1=Q 37. Rxd1 Qxf2+ 38. Kh1 Qg1+ 0-1

[Event "Gausdal Bygger'n Masters"]
[Site "Gausdal NOR"]
[Date "2005.10.06"]
[Round "6.22"]
[White "Karlsson, Lars"]
[Black "Antic, Dejan"]
[Result "1/2-1/2"]
[WhiteElo "2501"]
[BlackElo "2519"]
[PlyCount "30"]
[EventDate "2005.10.01"]
[EventType "swiss"]
[EventRounds "9"]
[EventCountry "NOR"]
[Source "lmi"]
[SourceDate "2005.10.05"]

1. c4 e6 2. Nf3 d5 3. g3 Nf6 4. Bg2 Be7 5. b3 O-O 6. Bb2 c5 7. cxd5 Nxd5 8. O-O
Nc6 9. Nc3 Bf6 10. Rc1 Bd7 11. Qc2 b6 12. Ne4 Bxb2 13. Qxb2 Qe7 14. Nc3 Nxc3
15. dxc3 Rfd8 1/2-1/2

[Event "Gausdal Bygger'n Masters"]
[Site "Gausdal NOR"]
[Date "2005.10.06"]
[Round "6.24"]
[White "Richards, Heather"]
[Black "Hansen, Torbjorn Ringdal"]
[Result "1/2-1/2"]
[WhiteElo "2239"]
[BlackElo "2323"]
[PlyCount "113"]
[EventDate "2005.10.01"]
[EventType "swiss"]
[EventRounds "9"]
[EventCountry "NOR"]
[Source "lmi"]
[SourceDate "2005.10.05"]

1. e4 c6 2. d4 d5 3. f3 c5 4. c3 e6 5. Bd3 Nc6 6. Be3 Nf6 7. dxc5 dxe4 8. Bxe4
Qxd1+ 9. Kxd1 Nxe4 10. fxe4 Ne5 11. Nf3 Nc4 12. Bc1 Bxc5 13. Re1 Bd7 14. b3 Nb6
15. Kc2 O-O 16. a4 Rac8 17. Ne5 Be8 18. Nd3 Be7 19. Be3 Rd8 20. Na3 Bc6 21. Bf2
f5 22. exf5 Bxa3 23. Rxa3 exf5 24. Nf4 Be4+ 25. Kc1 Rc8 26. Bd4 Rfe8 27. Kb2
Kf7 28. Raa1 g5 29. Nh3 Kg6 30. g3 Nd5 31. Nf2 a6 32. Rad1 Bf3 33. Rc1 f4 34.
Nd3 Re2+ 35. Rxe2 Bxe2 36. Ne5+ Kf5 37. g4+ Bxg4 38. Rg1 Bh5 39. Nc4 Rxc4 40.
bxc4 Ne3 41. Bxe3 fxe3 42. Kc2 e2 43. Kd2 Kf4 44. Rb1 Bf3 45. Rb6 h5 46. Rf6+
Kg4 47. Ke1 h4 48. Kf2 Bc6 49. a5 Kh3 50. Kxe2 Kxh2 51. Rg6 Kg1 52. Rxg5+ Bg2
53. Rd5 Bf1+ 54. Kf3 h3 55. Rh5 Bg2+ 56. Kg3 Kf1 57. Re5 1/2-1/2